|
|
|
|
| LEADER |
00000nam a2200000Ii 4500 |
| 001 |
DIGUNAU0120 |
| 003 |
NyNyDIG |
| 008 |
221101s2017 ck ob 000 0 spa d |
| 006 |
m o d |
| 007 |
cr ||||||||||| |
| 035 |
|
|
|a (OCoLC)1352725544
|
| 040 |
|
|
|a DGITA
|b eng
|e rda
|e pn
|c DGITA
|
| 020 |
|
|
|z 9789588869711
|
| 050 |
1 |
4 |
|a JA71 ebook
|
| 100 |
1 |
|
|a Campo Machado, Jesús Adelmo,
|e author.
|
| 245 |
1 |
4 |
|a Las huellas de Kant en el constructivismo político de John Rawls /
|c Jesús Adelmo Campo Machado.
|
| 264 |
|
1 |
|a [Medellín, Colombia] :
|b Ediciones Unaula,
|c [2017]
|
| 300 |
|
|
|a 1 online resource.
|
| 336 |
|
|
|a text
|b txt
|2 rdacontent
|
| 337 |
|
|
|a computer
|b c
|2 rdamedia
|
| 338 |
|
|
|a online resource
|b cr
|2 rdacarrier
|
| 347 |
|
|
|a text file
|2 rdaft
|
| 347 |
|
|
|b PDF
|
| 490 |
1 |
|
|a Serie humanismo
|
| 504 |
|
|
|a Includes bibliographical references.
|
| 588 |
0 |
|
|a Online resource; title from PDF title page (Digitalia, viewed November 1, 2022)
|
| 600 |
1 |
0 |
|a Kant, Immanuel,
|d 1724-1804
|x Criticism and interpretation.
|
| 600 |
1 |
0 |
|a Rawls, John,
|d 1921 2002
|x Criticism and interpretation.
|
| 650 |
|
0 |
|a Political science
|x Philosophy.
|
| 650 |
|
0 |
|a Constructivism (Philosophy)
|
| 655 |
|
0 |
|a Electronic books.
|
| 791 |
2 |
|
|a Digitalia (Firm),
|e distributor.
|
| 793 |
0 |
|
|g Digitalia eBook Collection:
|a Ediciones UNAULA.
|
| 776 |
0 |
8 |
|i Print version:
|a Campo Machado, Jesús Adelmo.
|t Huellas de Kant en el constructivismo político de John Rawls.
|b Primera edición.
|d [Medellín, Colombia] : Ediciones Unaula, [2017]
|z 9789588869711
|
| 830 |
|
0 |
|a Humanismo (Medellín, Colombia)
|
| 856 |
4 |
0 |
|3 Digitalia Hispánica
|u https://www.digitaliapublishing.com/a/49759/
|
| 910 |
|
|
|a Premium collection: 2022
|